|
|
|
|
| LEADER |
00000cam a2200000 c 4500 |
| 001 |
1931801959 |
| 003 |
DE-627 |
| 005 |
20260124114009.0 |
| 007 |
tu |
| 008 |
250725s1983 xxu||||| 00| ||eng c |
| 035 |
|
|
|a (DE-627)1931801959
|
| 035 |
|
|
|a (DE-599)KXP1931801959
|
| 040 |
|
|
|a DE-627
|b ger
|c DE-627
|e rda
|
| 041 |
|
|
|a eng
|
| 044 |
|
|
|c XD-US
|
| 050 |
|
0 |
|a HV5137
|
| 060 |
|
0 |
|a WM 274 A244 1983
|
| 082 |
0 |
|
|a 362.292
|
| 245 |
0 |
0 |
|a Advances in alcoholism treatment services for women
|
| 264 |
|
1 |
|a Rockville, Md
|b U.S. Dept. of Health and Human Services, Public Health Service, Alcohol, Drug Abuse, and Mental Health Administration, National Institute on Alcohol Abuse and Alcoholism
|c 1983
|
| 300 |
|
|
|a vi, 93 Seiten
|c 28 cm
|
| 336 |
|
|
|a Text
|b txt
|2 rdacontent
|
| 337 |
|
|
|a ohne Hilfsmittel zu benutzen
|b n
|2 rdamedia
|
| 338 |
|
|
|a Band
|b nc
|2 rdacarrier
|
| 490 |
0 |
|
|a DHHS publication
|v no. (ADM) 82-1217
|
| 583 |
1 |
|
|a Archivierung prüfen
|c 20250927
|f DE-640
|z 1
|2 pdager
|
| 650 |
|
0 |
|a Women
|x Alcohol use
|x Services for
|z United States
|
| 650 |
|
0 |
|a Women
|
| 650 |
|
2 |
|a Alcoholism
|x therapy
|
| 650 |
|
2 |
|a Women
|
| 650 |
|
4 |
|a Femmes - Consommation d'alcool - Services - États-Unis
|
| 650 |
|
4 |
|a Femmes
|
| 650 |
|
4 |
|a women (female humans)
|
| 650 |
|
4 |
|a Women
|
| 650 |
|
4 |
|a Women
|0 https://homosaurus.org/v3/homoit0001509
|
| 650 |
|
4 |
|a Womyn
|0 https://homosaurus.org/v3/homoit0001516
|
| 651 |
|
4 |
|a United States
|
| 935 |
|
|
|a mkri
|
| 951 |
|
|
|a BO
|
| ELC |
|
|
|b 1
|
| LOK |
|
|
|0 000 xxxxxcx a22 zn 4500
|
| LOK |
|
|
|0 001 4749835773
|
| LOK |
|
|
|0 003 DE-627
|
| LOK |
|
|
|0 004 1931801959
|
| LOK |
|
|
|0 005 20250725130615
|
| LOK |
|
|
|0 008 250725||||||||||||||||ger|||||||
|
| LOK |
|
|
|0 040
|a DE-Frei85
|c DE-627
|d DE-Frei85
|
| LOK |
|
|
|0 852
|a DE-Frei85
|
| LOK |
|
|
|0 852 1
|m p
|9 00
|
| LOK |
|
|
|0 935
|a reko
|
| LOK |
|
|
|0 938
|k p
|
| LOK |
|
|
|0 939
|a 25-07-25
|b l01
|
| ORI |
|
|
|a SA-MARC-krimdoka001.raw
|